| 000 | 00468nam a2200157 i 4500 | ||
|---|---|---|---|
| 001 | 150359 | ||
| 003 | ES-MaACL | ||
| 005 | 20230906203459.0 | ||
| 007 | t| | ||
| 008 | 071030s1971 sp ||||1| spa d | ||
| 100 | 1 |
_aVallet de Goytisolo, Juan B. _9112906 |
|
| 245 | 1 | 0 |
_aIdeologĂa "praxis" y mito de la tecnocracia / _cJuan B. Vallet de Goytisolo. |
| 260 |
_a[Madrid] : _bEscelicer, _c[1971] |
||
| 300 |
_a160 p. ; _c18 cm. |
||
| 852 |
_aES-MaACL _jC-45443 _bR.79059 |
||
| 999 |
_c150359 _d150359 |
||